| 000 | 00611nam a2200217Ia 4500 | ||
|---|---|---|---|
| 005 | 20260429112309.0 | ||
| 008 | 260429s9999||||xx |||||||||||||| ||und|| | ||
| 020 | _a9788119684151 | ||
| 041 | _aEnglish | ||
| 082 |
_a660.6 _bSIN |
||
| 100 | _aSingh, Ashok Kumar | ||
| 245 | 0 |
_aMicrobial biotechnology and bioinformatics / _cAshok Kumar Singh |
|
| 260 |
_aJaipur : _bBook Enclave, _c2025. |
||
| 300 | _ax, 259 p.; hb | ||
| 650 | _a Applied microbiology | ||
| 650 | _a Bioinformatics | ||
| 650 | _a Biotechnology | ||
| 650 | _a Computational biology | ||
| 650 | _aMicrobial biotechnology | ||
| 942 | _cTB | ||
| 999 |
_c53364 _d53364 |
||